[Event "EU-chT Seniors 11th"]
[Site "Velden"]
[Date "2009.04.05"]
[Round "1"]
[White "Ulrichsen, Jarl Henning"]
[Black "Pitt, Wolfgang"]
[Result "1-0"]
[WhiteElo "2227"]
[BlackElo "2056"]
[PlyCount "80"]
[EventDate "2009.04.05"]
[EventType "team-swiss"]
[EventRounds "9"]
[EventCountry "AUT"]
[SourceTitle "CBM 129 Extra"]
[Source "ChessBase"]
[SourceDate "2009.05.05"]
[SourceVersion "2"]
[SourceVersionDate "2009.05.20"]
[SourceQuality "1"]

1. d4 g6 2. Nf3 Bg7 3. c3 Nf6 4. Bg5 d6 5. e3 0-0 6. Bc4 c6 7. Nbd2 Qc7 8. Bxf6 exf6 9. h4 h5 10. Nf1 Nd7 11. Ng3 Bh6 12. Bd3 Qa5 13. a3 Re8 14. b4 Qd5 15. Qe2 Qe6 16. Nd2 Qg4 17. Qxg4 hxg4 18. Ne2 f5 19. h5 Kg7 20. hxg6 fxg6 21. Nc4 Re6 22. g3 d5 23. Nb2 Nf6 24. Kd2 Bd7 25. c4 a6 26. c5 Rae8 27. Na4 R6e7 28. Nb6 Be6 29. a4 Nd7 30. Nxd7 Bxd7 31. b5 axb5 32. axb5 Bg5 33. Ra7 Bc8 34. Rb1 Kf7 35. Nc3 Bf6 36. bxc6 bxc6 37. Rxe7+ Rxe7 38. Rb6 Rc7 39. Ba6 Bd7 40. Ne2 g5 1-0

[Event "NOR-chT 0809"]
[Site "Norway"]
[Date "2008.11.07"]
[Round "6"]
[White "Ulrichsen, Jarl Henning"]
[Black "Tjoelsen, Katrine"]
[Result "1/2-1/2"]
[WhiteElo "2115"]
[BlackElo "2080"]
[PlyCount "120"]
[EventDate "2008.11.07"]
[EventType "team-tourn"]
[EventRounds "11"]
[EventCountry "NOR"]
[SourceTitle "EXT 2010"]
[Source "ChessBase"]
[SourceDate "2010.11.25"]
[SourceVersion "1"]
[SourceVersionDate "2010.11.25"]
[SourceQuality "1"]

1. d4 d5 2. Bf4 Nf6 3. Nf3 c5 4. e3 Nc6 5. c3 Qb6 6. Qc1 Bf5 7. Be2 Nh5 8. Bg3 Nxg3 9. hxg3 h6 10. 0-0 e6 11. Nbd2 Be7 12. Nb3 c4 13. Nbd2 Qd8 14. Ne1 0-0 15. f4 b5 16. g4 Bh7 17. Bf3 b4 18. Nxc4 bxc3 19. bxc3 Rc8 20. Nd2 Na5 21. Be2 Qc7 22. Ba6 Rb8 23. Bd3 Rfc8 24. Bxh7+ Kxh7 25. Nef3 Qxc3 26. Qxc3 Rxc3 27. Nb3 Nxb3 28. axb3 Rb7 29. Rfe1 Rcxb3 30. Ne5 Bb4 31. Re2 a5 32. Nc6 Rb5 33. Kf2 Rc3 34. Ne5 Kg8 35. Nf3 Kf8 36. Rb2 Ke7 37. Ke2 Rb6 38. Ne1 Rc7 39. Nd3 Rcb7 40. Raa2 Kd6 41. Rc2 Rc7 42. Rcb2 f6 43. g3 Rc4 44. Rb1 Kc6 45. f5 Kb5 46. Nf4 e5 47. Nxd5 Rbc6 48. Kd3 exd4 49. exd4 Rc1 50. Rxc1 Rxc1 51. Nxb4 axb4 52. Ra7 Rc3+ 53. Kd2 Kc4 54. Rxg7 Rxg3 55. Rf7 Rg2+ 56. Kc1 Kc3 57. Rc7+ Kxd4 58. Rc6 Ke5 59. Re6+ Kf4 60. Rxf6 Rxg4 1/2-1/2

[Event "NOR-chT 0607"]
[Site "Oslo"]
[Date "2007.01.12"]
[Round "4"]
[White "Lahlum, Hans Olav"]
[Black "Ulrichsen, Jarl Henning"]
[Result "1/2-1/2"]
[WhiteElo "2211"]
[BlackElo "2228"]
[PlyCount "127"]
[EventDate "2006.11.10"]
[EventType "team"]
[EventRounds "9"]
[EventCountry "NOR"]
[SourceTitle "EXT 2008"]
[Source "ChessBase"]
[SourceDate "2007.11.25"]
[SourceVersion "1"]
[SourceVersionDate "2007.11.25"]
[SourceQuality "1"]

1. d4 d5 2. c4 c6 3. Nc3 Nf6 4. e3 e6 5. Nf3 Nbd7 6. Bd3 Bd6 7. e4 dxe4 8. Nxe4 Nxe4 9. Bxe4 0-0 10. 0-0 e5 11. dxe5 Nxe5 12. Nxe5 Bxe5 13. Bxh7+ Kxh7 14. Qh5+ Kg8 15. Qxe5 Re8 16. Qc3 Bf5 17. Be3 Qd3 18. Qb4 Be4 19. Rad1 Qe2 20. Rd2 Qh5 21. f3 Bg6 22. Qxb7 Qe5 23. Bf2 Qa5 24. b4 Qa3 25. Qxc6 Qxb4 26. Qd5 Bf5 27. c5 Be6 28. Qd4 Qa5 29. Rb2 Rad8 30. Qb4 Qxb4 31. Rxb4 Bxa2 32. Rc1 Bd5 33. Bg3 Bc6 34. Bc7 Rd7 35. Bd6 f6 36. Ra1 Rb7 37. Rab1 Rxb4 38. Rxb4 Kf7 39. Kf2 Ke6 40. Ke3 Rh8 41. Rd4 Rd8 42. Rd1 Rd7 43. Kd4 a5 44. Re1+ Kf7 45. Rb1 Rb7 46. Rb6 Rxb6 47. cxb6 Ke6 48. Ba3 Kd7 49. Kc5 g6 50. h4 f5 51. Bb2 a4 52. Bc1 Bb7 53. Kb5 Kc8 54. Kxa4 Ba6 55. Kb4 Bf1 56. g4 fxg4 57. fxg4 Be2 58. g5 Kb7 59. Kc5 Bh5 60. Be3 Bg4 61. Kd6 Bh5 62. Ke6 Kc6 63. Kf6 Kb7 64. Ke6 1/2-1/2

[Event "NOR-chT"]
[Site "Oslo"]
[Date "2006.06.08"]
[Round "2"]
[White "Ulrichsen, Jarl Henning"]
[Black "Stanford, Sheila Barth"]
[Result "1/2-1/2"]
[WhiteElo "2236"]
[BlackElo "2159"]
[PlyCount "86"]
[EventDate "2006.06.07"]
[EventType "team"]
[EventRounds "5"]
[EventCountry "NOR"]
[SourceTitle "CBM 112 Extra"]
[Source "ChessBase"]
[SourceDate "2006.07.14"]
[SourceVersion "1"]
[SourceVersionDate "2006.07.14"]
[SourceQuality "1"]

1. d4 d5 2. Nf3 Nf6 3. c4 c6 4. e3 Bf5 5. cxd5 cxd5 6. Qb3 Qb6 7. Bb5+ Nc6 8. Ne5 Rc8 9. Nc3 e6 10. Bd2 Bd6 11. f4 0-0 12. Be2 Nb4 13. Rc1 Ne4 14. Nxe4 Rxc1+ 15. Bxc1 Bxe4 16. 0-0 Rc8 17. Bd2 Bc2 18. Qa3 Nd3 19. b4 Nxb4 20. Nd7 Qc7 21. Bxb4 Bxb4 22. Qxb4 Qxd7 23. Rc1 Be4 24. Rc3 Rxc3 25. Qxc3 h6 26. Kf2 Qa4 27. a3 b6 28. h4 Qd7 29. g4 Qa4 30. g5 Qc2 31. Qxc2 Bxc2 32. Ke1 Bb3 33. Kd2 Bc4 34. Bh5 Kf8 35. Kc3 Ke7 36. Kd2 f6 37. gxh6 gxh6 38. Bg4 Kd6 39. Kc3 Bb5 40. Bd1 Bd7 41. Bc2 Bb5 42. Bd1 Bf1 43. Bg4 Bb5 1/2-1/2

[Event "NOR-chT fin"]
[Site "Oslo"]
[Date "2002.05.08"]
[Round "1"]
[White "Ulrichsen, Jarl Henning"]
[Black "Borchgrevink, Harald"]
[Result "0-1"]
[WhiteElo "2240"]
[BlackElo "2161"]
[PlyCount "92"]
[EventDate "2002.05.08"]
[EventType "team"]
[EventRounds "5"]
[EventCountry "NOR"]
[SourceTitle "CBM 088 Extra"]
[Source "ChessBase"]
[SourceDate "2002.07.01"]
[SourceVersion "2"]
[SourceVersionDate "2002.07.01"]
[SourceQuality "1"]

1. d4 e6 2. c4 d5 3. Nc3 c6 4. e3 Nf6 5. Nf3 Nbd7 6. Be2 dxc4 7. Bxc4 b5 8. Be2 a6 9. 0-0 Bb7 10. b3 Be7 11. Bb2 0-0 12. Qc2 c5 13. dxc5 Nxc5 14. Rfd1 Qc7 15. Rac1 Rac8 16. Qb1 Qb8 17. b4 Ncd7 18. a4 bxa4 19. Nxa4 Be4 20. Qa1 Qxb4 21. Bc3 Qb7 22. Rd2 Nd5 23. Bd4 Rxc1+ 24. Qxc1 Rc8 25. Qa1 Bf6 26. Bxf6 N7xf6 27. h3 h6 28. Qb2 Qc6 29. Nd4 Qxa4 30. Qb7 Rc1+ 31. Kh2 Qd7 32. Qxd7 Nxd7 33. Bxa6 Nc5 34. Be2 Bg6 35. Rb2 Ne4 36. Bf3 Rf1 37. Bxe4 Bxe4 38. f3 Bd3 39. e4 Nf4 40. Nc6 Rb1 41. Ra2 Rc1 42. Ra8+ Kh7 43. Ne5 f6 44. Nd7 h5 45. e5 Kg6 46. Ra7 Rc8 0-1

[Event "NOR-chT"]
[Site "Oslo"]
[Date "2000.06.03"]
[Round "4"]
[White "Ulrichsen, Jarl Henning"]
[Black "Storland, Knut Harald"]
[Result "0-1"]
[WhiteElo "2251"]
[BlackElo "2273"]
[PlyCount "122"]
[EventDate "2000.05.31"]
[EventType "team"]
[EventRounds "5"]
[EventCountry "NOR"]
[SourceTitle "CBM 076 Extra"]
[Source "ChessBase"]
[SourceDate "2000.07.11"]
[SourceVersion "1"]
[SourceVersionDate "2000.07.11"]
[SourceQuality "1"]

1. c4 c6 2. Nc3 d5 3. cxd5 cxd5 4. d4 Nc6 5. Nf3 Nf6 6. e3 a6 7. Bd3 Bg4 8. 0-0 e6 9. b3 Rc8 10. Bb2 Bd6 11. Rc1 Bb8 12. Be2 Qd6 13. g3 Bh3 14. Re1 h5 15. Ne5 h4 16. f4 hxg3 17. hxg3 g5 18. Bf3 gxf4 19. gxf4 Bf5 20. Kg2 Qf8 21. Rh1 Qg7+ 22. Kf2 Ne4+ 23. Bxe4 dxe4 24. Rxh8+ Qxh8 25. Qh1 Qxh1 26. Rxh1 Nxe5 27. fxe5 Kd7 28. Rh2 Bc7 29. Ke2 Ba5 30. Kd2 b5 31. a3 b4 32. Na2 bxa3+ 33. Bc3 Bd8 34. Bb4 Rb8 35. Kc3 Bg5 36. Re2 Rh8 37. Bxa3 Rh3 38. Kd2 Bg4 39. Rg2 Bxe3+ 40. Kc2 Bf3 41. Rg7 Rh2+ 42. Kb1 Bh5 43. d5 exd5 44. Nc3 Bd4 45. Nxd5 Bxe5 46. Rg8 Bg6 47. Ne3 Bd4 48. Bc1 Rh3 49. Nc2 Rxb3+ 50. Ka2 Rc3 51. Nxd4 Rxc1 52. Ra8 Rc4 53. Ra7+ Kd8 54. Nb3 e3 55. Ra8+ Ke7 56. Ra7+ Kf8 57. Ra8+ Kg7 58. Re8 Re4 59. Rxe4 Bxe4 60. Nd4 f5 61. Kb2 Kf6 0-1